Society and education a book of readings
Saved in:
| Main Author: | |
|---|---|
| Format: | Book |
| Language: | English |
| Published: |
Allyn and Bacon,
1971
|
| Tags: |
Add Tag
No Tags, Be the first to tag this record!
|
MARC
| LEADER | 00000nam a22000007a 4500 | ||
|---|---|---|---|
| 008 | 201223b ||||| |||| 00| 0 eng d | ||
| 100 | |a HAVIGHURST, Robert James, 1900 | ||
| 245 | |a Society and education |b a book of readings |c by Robert J. Havighurst, Bernice L. Neugarten and Jacqueline M. Falk | ||
| 250 | |b 2nd ed | ||
| 260 | |b Allyn and Bacon, |c 1971 |h Boston |i 88630 |l LC191 .H31 | ||
| 942 | |a lcc |c BK |e ADEYEYE Y. S. |f 23/12/2020 | ||
| 952 | |0 0 |1 0 |2 lcc |4 0 |6 LC0191 H31 |7 0 |9 1174 |a HOL |b HOL |c LP |d 2020-12-23 |l 0 |o LC191 .H31 |p 2020-230380 |r 2020-12-23 00:00:00 |w 2020-12-23 |y BK | ||
| 999 | |c 617 |d 617 | ||